National Parks Picture Quiz #2 - Statistics

General Stats
  • This quiz has been taken 44 times
  • The average score is 10 of 16
Answer Stats
Picture Answer % Correct
Grand Teton
95%
Joshua Tree
92%
Badlands
86%
Sequoia
84%
Bryce Canyon
78%
Redwood
70%
White Sands
68%
Canyonlands
65%
Dry Tortugas
65%
Olympic
62%
Black Canyon of the Gunnison
59%
Death Valley
59%
Rocky Mountain
49%
Capitol Reef
46%
Petrified Forest
35%
North Cascades
32%
No matching quizzes found
Score Distribution
Percent of People with Each Score
Percentile by Number Answered
Your Score History
You have not taken this quiz